Honda uber Honda

Αποθηκεύτηκε σε:
Λεπτομέρειες βιβλιογραφικής εγγραφής
Κύριος συγγραφέας: Honda, Sooichiro
Μορφή: Βιβλίο
Γλώσσα:Undetermined
Έκδοση: Paris Seewald Verlag 1979
Θέματα:
Ετικέτες: Προσθήκη ετικέτας
Δεν υπάρχουν, Καταχωρήστε ετικέτα πρώτοι!
Thư viện lưu trữ: Trung tâm Học liệu Trường Đại học Cần Thơ
LEADER 00445nam a2200181Ia 4500
001 CTU_96651
008 210402s9999 xx 000 0 und d
082 |a 796.7 
082 |b H769 
100 |a Honda, Sooichiro 
245 0 |a Honda uber Honda 
245 0 |c Sooichiro Honda 
260 |a Paris 
260 |b Seewald Verlag 
260 |c 1979 
650 |a Race 
904 |i Hiếu 
980 |a Trung tâm Học liệu Trường Đại học Cần Thơ